000 00624nam1a22002171i 4500
001 rc\201963
005 20240723213610.0
010 _91500
035 _a(NLR Aleph) 005621490
090 _a6499089
_c6499089
100 _a20030307d1992 u |0rusy50 ca
101 0 _arus
102 _aRU
105 _ay |||||||||
200 1 _aТоксикологическая оценка новых химических веществ
_e[В 2 ч.]
210 _aИркутск
_cИзд-во Иркут. ун-та
_d1992
215 _d20
801 0 _aRU
_bNLR
_gpsbo
801 1 _aRU
_bELAR
_2rusmarc
852 _aNLR
_j92-3/1105
942 _cBOOK